Les 100 meilleurs joueurs de fléchettes - Statistiques

Statistiques générales
  • Ce quiz a été pris 77 fois
    17 depuis la dernière actualisation
  • Le résultat moyen est 42 sur 100
Statistiques - réponses
Rang Nationalité Nickname Major wins Best World Championship perf Nom % Correct
6 Ecosse The Flying Scotsman 8 2 Times World Champion Gary Anderson
100%
12 Pays de Galles The Iceman 7 2021 World Champion Gerwyn Price
100%
3 Pays-Bas The Giant 1 2026 Finalist Gian Van Veen
100%
9 Irlande du nord Rocky 0 2 Times Last 16 Josh Rock
100%
2 Angleterre Cool Hand 8 2024 World Champion Luke Humphries
100%
1 Angleterre The Nuke 10 2 Times World Champion Luke Littler
100%
4 Pays-Bas Mighty Mike / The Green Machine 48 3 Times World Champion Michael Van Gerwen
100%
7 Angleterre The Bullet 1 2 Times Semi-finalist Stephen Bunting
100%
14 Angleterre The Asp 2 2 Times Semi-finalist Nathan Aspinall
93%
5 Pays de Galles The Ferret 4 2 Times Quarter-finalist Jonny Clayton
86%
61 France The French Touch 0 2 Times Last 64 Thibault Tricole
86%
10 Pays-Bas The Freeze 1 4 Times Last 32 Danny Noppert
79%
31 Ecosse Snakebite 8 2 Times World Champion Peter Wright
79%
17 Australie The Heat 0 2024 Last 16 Damon Heta
71%
25 Belgique The Dreammaker 2 2023 Semi-finalist Dimitri Van Den Bergh
71%
21 Angleterre Woody 0 2 Times Last 16 Luke Woodhouse
71%
32 Angleterre Bully Boy 2 2023 World Champion Michael Smith
71%
20 Angleterre Voltage 4 2018 World Champion Rob Cross
71%
16 Angleterre Smudger 1 3 Times Last 32 Ross Smith
71%
8 Angleterre Heavy Metal 0 2026 Semi-finalist Ryan Searle
71%
23 Irlande du nord Superchin 2 2 Times Quarter-finalist Daryl Gurney
64%
50 Angleterre Happy Feet 0 2026 Quarter-finalist Justin Hood
64%
15 Allemagne The Wall 0 2 Times Last 32 Martin Schindler
64%
19 Belgique The Real Deal 1 4 Times Last 64 Mike De Decker
64%
33 Angleterre Goldfinger 1 4 Times Last 32 Andrew Gilding
57%
13 Angleterre Hollywood 1 2025 Semi-finalist Chris Dobey
57%
22 Angleterre Chizzy 0 2021 Semi-finalist Dave Chisnall
57%
47 Allemagne German Giant 0 2023 Semi-finalist Gabriel Clemens
57%
11 Angleterre The Machine 11 4 Times Semi-finalist James Wade
57%
28 Pologne The Polish Eagle 0 2 Times Quarter-finalist Krzysztof Ratajski
57%
36 Pays-Bas Barney 6 2007 World Champion Raymond Van Barneveld
57%
26 Ecosse Cammy 0 2 Times Last 64 Cameron Menzies
50%
87 Angleterre The Quiff 0 2 Times Last 32 Jim Williams
50%
55 Autriche The Gentle 1 3 Times Last 16 Mensur Suljovic
50%
44 Angleterre Shaggy 0 2024 Semi-finalist Scott Williams
50%
75 Pays-Bas 0 2026 Last 32 Wesley Plaisier
50%
29 Pays-Bas 0 2 Times Last 64 Wessel Nijman
50%
43 Irlande The Magpie 0 2 Times Last 32 William O’Connor
50%
39 Angleterre The Riot 0 2 Times Quarter-finalist Callan Rydz
43%
81 Angleterre Champagne 0 2026 Last 16 Charlie Manby
43%
51 Suède 0 2025 Last 16 Jeffrey De Graaf
43%
18 Pays-Bas The Machine Gun 0 5 Times Last 32 Jermaine Wattimena
43%
60 Belgique The Hurricane 0 2012 Quarter-finalist Kim Huybrechts
43%
45 Lettonie Latvian Razmatazz 0 3 Times Last 32 Madars Razma
43%
34 Allemagne Pikachu 0 2025 Last 16 Ricardo Pietreczko
43%
40 Angleterre Rapid Ricky 0 7 Times Last 32 Ricky Evans
43%
53 Ecosse Soots 0 2 Times Last 16 Alan Soutar
36%
41 Irlande The History Maker 0 2 Times Quarter-finalist Brendan Dolan
36%
30 Pays-Bas Aubergenius / The Titan 0 2021 Quarter-finalist Dirk Van Duijvenbode
36%
48 Angleterre Hillbilly 0 2026 Last 16 James Hurrell
36%
35 Angleterre The Rockstar 1 3 Times Last 16 Joe Cullen
36%
82 Portugal The Special One 1 2023 Last 16 Jose De Sousa
36%
42 Pays-Bas Triple Z 0 2026 Last 32 Niels Zonneveld
36%
24 Angleterre Relentless 0 2019 Quarter-finalist Ryan Joyce
36%
56 Angleterre The Barber 0 2026 Last 32 Ryan Meikle
36%
73 Suède 0 2026 Last 16 Andreas Harrysson
29%
100 Allemagne 0 2026 Last 32 Arno Merk
29%
94 Norvège The Sheriff 0 2026 Last 128 Cor Dekker
29%
68 Angleterre The Tower 0 2026 Last 64 Dom Taylor
29%
58 Irlande Dynamite 0 4 Times Last 64 Keane Barry
29%
62 Allemagne Luu 0 2026 Last 128 Lukas Wenig
29%
83 Allemagne maximiser 0 4 Times Last 32 Max Hopp
29%
46 Irlande du nord Clonoe Cyclone 0 5 Times Last 64 Mickey Mansell
29%
59 Pays de Galles 0 2025 Last 32 Nick Kenny
29%
54 Allemagne Meenzer Bub 0 2025 Last 96 Niko Springer
29%
27 Angleterre Madhouse 1 3 Times Last 64 Ritchie Edhouse
29%
63 Angleterre Stack Attack 0 2025 Last 16 Robert Owen
29%
80 Pologne The Bolt 0 2023 Last 96 Sebastian Bialecki
29%
86 Angleterre The Hunter 0 2021 Last 32 Adam Hunt
21%
71 Angleterre Bam Bam 0 2 Times Last 96 Bradley Brooks
21%
74 Angleterre Shazam 0 2026 Last 128 Cam Crabtree
21%
49 Angleterre The Sniper 0 3 Times Last 64 Connor Scutt
21%
88 Lituanie Lucky D 0 2020 Quarter-finalist Darius Labanauskas
21%
52 Angleterre Diamond 0 2014 Quarter-finalist Ian White
21%
98 Pays-Bas Frisian Viking 0 Do not Participate Jitse Van Der Val
21%
67 Rep-Tchéque Evil Charlie 0 2023 Last 64 Karel Sedlacek
21%
38 Pays-Bas Hawkeye 0 2 Times Last 16 Kevin Doets
21%
64 Belgique Super Mario 0 2024 Last 96 Mario Vandenbogaerde
21%
66 Canada Ginja Ninja 0 2024 Last 32 Matt Campbell
21%
57 Pays-Bas Flyers 0 2024 Last 32 Richard Veenstra
21%
91 Suisse Belli 0 2026 Last 64 Stefan Bellmont
21%
65 Angleterre Bertie 0 2 Times Last 96 Stephen Burton
21%
85 Angleterre Baby boy 0 2026 Last 128 Adam Lipscombe
14%
69 Pays-Bas The Countryman 0 2022 Last 64 Chris Landman
14%
70 Ecosse Ice Cold 0 2026 Last 64 Darren Beveridge
14%
90 Allemagne 0 2026 Last 128 Dominik Gruellich
14%
79 Irlande Ocean's 0 2025 Last 64 Dylan Slevin
14%
37 Angleterre Smash 0 3 Times Last 64 Martin Lukeman
14%
77 Angleterre The Scholar 0 2026 Last 128 Matthew Dennant
14%
84 Angleterre 0 2024 Last 96 Owen Bates
14%
76 Irlande Scuba Steve 0 2022 Last 32 Steve Lennon
14%
78 Belgique The Beast From The East 0 2026 Last 128 Andy Beatens
7%
93 Pays-Bas Bionic 0 2024 Last 32 Berry Van Peer
7%
72 Allemagne 0 2 Times Last 32 Florian Hempel
7%
89 Nouv-Zélande Hopes 0 2 Times Last 96 Haupai Puha
7%
97 Irlande du nord The Natural 0 2023 Last 64 Nathan Rafferty
7%
99 Pologne 0 2024 Last 64 Radek Szaganski
7%
92 Pays de Galles Happy Gilmore 0 2025 Last 64 Rhys Griffin
7%
95 Pays-Bas 0 Do not Participate Patrick Geeraets
0%
96 Angleterre 0 Do not Participate Robert Grundy
0%
Aucun quiz correspondant
Distribution des résultats
% des personnes avec chaque résultat
Percentile par nombre de réponses
Votre historique - résultats
Vous n’avez pas pris ce quiz depuis la dernière actualisation